[Event "IECG TE.2006.P.02122 email"]
[Site "IECG email"]
[Date "2006.03.17"]
[Round "?"]
[White "Candelario, Jose"]
[Black "Dorairaj, Arthur"]
[Result "1/2-1/2"]
[WhiteElo "800"]
[BlackElo "1900"]
[PlyCount "82"]
[EventDate "2006.03.17"]
[EventType "tourn (corr)"]
[EventRounds "12"]
[SourceTitle "Corr 2024"]
[Source "ChessBase"]
[SourceDate "2023.10.19"]
[SourceVersion "1"]
[SourceVersionDate "2023.10.19"]
[SourceQuality "1"]

1. e4 c5 2. f4 Nc6 3. Nc3 e6 4. Nf3 d5 5. exd5 exd5 6. Bb5 a6 7. Bxc6+ bxc6 8. Qe2+ Qe7 9. Ne5 f6 10. Nf3 Qxe2+ 11. Nxe2 Bd6 12. b3 Nh6 13. Ba3 Nf7 14. 0-0 Kd8 15. Rae1 Re8 16. Nc3 Bg4 17. Rxe8+ Kxe8 18. h3 Bxf3 19. Rxf3 Nd8 20. f5 Nb7 21. Kf2 Kf7 22. Na4 h5 23. Re3 h4 24. Kf3 Rh8 25. Kg4 g6 26. fxg6+ Kxg6 27. Kf3 Rg8 28. Kf2 Kf7 29. d3 Rg5 30. Re2 d4 31. Bc1 Bg3+ 32. Kg1 Rh5 33. Bd2 Rd5 34. Be1 Bxe1 35. Rxe1 Nd6 36. Nb6 Rg5 37. a4 Nf5 38. Nc4 Rg8 39. Kf2 Rg7 40. Kf1 Rg3 41. Re4 Rg8 1/2-1/2

[Event "IECG TE.2006.P.02122 email"]
[Site "IECG email"]
[Date "2006.03.17"]
[Round "?"]
[White "Dorairaj, Arthur"]
[Black "Yukman, Tham"]
[Result "1/2-1/2"]
[WhiteElo "1900"]
[BlackElo "2142"]
[PlyCount "97"]
[EventDate "2006.03.17"]
[EventType "tourn (corr)"]
[EventRounds "12"]
[SourceTitle "Corr 2024"]
[Source "ChessBase"]
[SourceDate "2023.10.19"]
[SourceVersion "1"]
[SourceVersionDate "2023.10.19"]
[SourceQuality "1"]

1. e4 c5 2. f4 e6 3. Nf3 Nf6 4. e5 Nd5 5. g3 d6 6. Bg2 Be7 7. 0-0 0-0 8. d3 Nc6 9. Na3 a6 10. exd6 Bxd6 11. Nc4 Bc7 12. Nfe5 Nce7 13. Re1 b5 14. Nd2 Rb8 15. Ne4 f6 16. Nf3 Bb6 17. Kh1 Nf5 18. Qe2 Nd4 19. Nxd4 cxd4 20. Bd2 Bb7 21. a3 Ne3 22. Bxe3 dxe3 23. Rad1 e5 24. fxe5 fxe5 25. Rf1 Qd7 26. Ng5 Bxg2+ 27. Kxg2 Qd5+ 28. Ne4 Bd4 29. c3 Bb6 30. Rxf8+ Rxf8 31. Rf1 Rd8 32. Qf3 h6 33. Rd1 Qb3 34. Qe2 a5 35. h3 Qd5 36. h4 a4 37. Kh2 Qe6 38. h5 Rf8 39. Rb1 Qf7 40. Kg2 Qd5 41. Rf1 Rd8 42. Rd1 Qd7 43. Kh2 Qe6 44. g4 Rf8 45. Rg1 Rf4 46. Rg3 Kf8 47. Rg2 Ke8 48. Kg1 Kd8 49. Rg3 1/2-1/2

[Event "IECG TE.2005.P.02001"]
[Site "IECG email"]
[Date "2005.12.19"]
[Round "?"]
[White "Balmelle, Jean Luc"]
[Black "Dorairaj, Arthur"]
[Result "0-1"]
[WhiteElo "1740"]
[BlackElo "1900"]
[PlyCount "52"]
[EventDate "2005.12.19"]
[EventType "tourn (corr)"]
[EventRounds "8"]
[SourceTitle "Corr 2008"]
[Source "ChessBase"]
[SourceDate "2008.06.24"]
[SourceVersion "1"]
[SourceVersionDate "2008.06.24"]
[SourceQuality "1"]

1. e4 e5 2. Nf3 Nc6 3. c3 d5 4. d3 dxe4 5. dxe4 Qxd1+ 6. Kxd1 Nf6 7. Bd3 Ng4 8. Ke2 Bc5 9. Rf1 Be6 10. h3 Nf6 11. Be3 Bd6 12. Nbd2 h6 13. a4 a6 14. b4 Rg8 15. b5 Na5 16. c4 Nd7 17. Rfd1 b6 18. bxa6 f6 19. Ne1 Nc5 20. Bxc5 Bxc5 21. Nc2 Rxa6 22. Ne3 Ra7 23. Nd5 c6 24. Ne3 Kf7 25. Nf5 Rd8 26. f3 Rad7 0-1

[Event "IECG TE.2005.P.02001"]
[Site "IECG email"]
[Date "2005.12.19"]
[Round "?"]
[White "Dorairaj, Arthur"]
[Black "Schnoewitz, Brigitte"]
[Result "1-0"]
[WhiteElo "1900"]
[BlackElo "1292"]
[PlyCount "43"]
[EventDate "2005.12.19"]
[EventType "tourn (corr)"]
[EventRounds "8"]
[SourceTitle "Corr 2008"]
[Source "ChessBase"]
[SourceDate "2008.06.24"]
[SourceVersion "1"]
[SourceVersionDate "2008.06.24"]
[SourceQuality "1"]

1. e4 e5 2. Nf3 Nc6 3. c3 a6 4. Bc4 h6 5. d4 exd4 6. cxd4 d6 7. 0-0 Bg4 8. Qb3 Qd7 9. Bxf7+ Qxf7 10. Qxb7 Kd7 11. d5 Nd8 12. Qxa8 Bxf3 13. gxf3 Qxf3 14. Nd2 Qg4+ 15. Kh1 Nf6 16. Qxa6 g5 17. a4 Qh3 18. Ra3 Qh5 19. a5 Rh7 20. Qb5+ Ke7 21. a6 Qh4 22. a7 1-0

[Event "IECG TE.2005.P.02001"]
[Site "IECG email"]
[Date "2005.12.19"]
[Round "?"]
[White "Schaefer, Erich"]
[Black "Dorairaj, Arthur"]
[Result "0-1"]
[WhiteElo "1500"]
[BlackElo "1900"]
[PlyCount "65"]
[EventDate "2005.12.19"]
[EventType "tourn (corr)"]
[EventRounds "8"]
[SourceTitle "Corr 2008"]
[Source "ChessBase"]
[SourceDate "2008.06.24"]
[SourceVersion "1"]
[SourceVersionDate "2008.06.24"]
[SourceQuality "1"]

1. e4 e5 2. Nf3 Nc6 3. c3 d5 4. Nxe5 Nxe5 5. d4 Ng6 6. Bd3 dxe4 7. Bxe4 Be7 8. 0-0 Nf6 9. Bd3 0-0 10. Re1 c5 11. Nd2 cxd4 12. cxd4 Re8 13. Nf3 Bg4 14. Bg5 Qd5 15. Bxf6 Bxf6 16. Rxe8+ Rxe8 17. h3 Bxf3 18. Qxf3 Qxf3 19. gxf3 Nf4 20. Be4 Nxh3+ 21. Kf1 Bxd4 22. Rd1 Bxb2 23. Bxb7 g5 24. Rd7 Bf6 25. Be4 Re7 26. Rd1 Nf4 27. Kg1 h5 28. Kh2 Be5 29. a4 Kg7 30. Rb1 Rd7 31. Rb5 Kf6 32. Ra5 Rd2 33. Ra6+ 0-1

[Event "IECG TE.2005.P.02001"]
[Site "IECG email"]
[Date "2005.12.19"]
[Round "?"]
[White "Schnoewitz, Brigitte"]
[Black "Dorairaj, Arthur"]
[Result "0-1"]
[WhiteElo "1292"]
[BlackElo "1900"]
[PlyCount "50"]
[EventDate "2005.12.19"]
[EventType "tourn (corr)"]
[EventRounds "8"]
[SourceTitle "Corr 2008"]
[Source "ChessBase"]
[SourceDate "2008.06.24"]
[SourceVersion "1"]
[SourceVersionDate "2008.06.24"]
[SourceQuality "1"]

1. e4 e5 2. Nf3 Nc6 3. c3 d5 4. Bb5 dxe4 5. Bxc6+ bxc6 6. Nxe5 Qg5 7. Qa4 Qxg2 8. Qxc6+ Kd8 9. Qd5+ Bd6 10. Nxf7+ Ke7 11. Qg5+ Qxg5 12. Nxg5 Bb7 13. 0-0 Kf6 14. f4 Bc5+ 15. Kg2 h6 16. d4 exd3+ 17. Nf3 Re8 18. Kg3 Re2 19. b4 Bb6 20. Nbd2 Ne7 21. c4 Be3 22. a3 g5 23. fxg5+ hxg5 24. Bb2+ Kg6 25. Ne5+ Kh5 0-1